00565nam a2200217Ia 4500008004100000020001800041050001700059050001400076100002600090245001900116245004400135250001800179260001300197260003700210260000900247300001500256300002800271300001100299650001800310650001900328180620s9999 xx 000 0 und d a0-86288-146-3 aREF GV 1768  b.F47 1997 aFernandez, Angelique. 0aLine dancing / 0cAngelique Fernandez & Karen Farrington. aGreenwich Ed. aLondon : bPromotional Reprint Comp., Ltd., c1979 a64 pages : bcolored illustrations ; c29 cm. aLine dancing. xCountry music.